| 000 | 00379nam a22001577a 4500 | ||
|---|---|---|---|
| 003 | NUST - PNEC | ||
| 005 | 20170116180913.0 | ||
| 008 | 150903b xxu||||| |||| 00| 0 eng d | ||
| 040 | _cLIBRARY | ||
| 082 | _a620.11 RAJ | ||
| 100 |
_9154 _aRajput, R.K. |
||
| 245 |
_aMaterial science _cR.K. Rajput |
||
| 260 | _c1998 | ||
| 650 |
_96985 _aMaterials science _xME |
||
| 942 |
_2ddc _cBK |
||
| 999 |
_c65354 _d65354 |
||